000 00400nam a2200169 4500
005 20250625190657.0
008 cu123
020 _a9780198747468
050 _aHD 2471.T685
_b1
100 _aTRICKER, Bob
245 _aCorporate governance:
_bprinciples, policies and practices
250 _a3rd
260 _aAustralia
_bOxford
_c2015c
300 _axvi,408p
500 _aindex
942 _2lcc
_cBK
_n0
999 _c6693
_d6693